000 00305nam a22001337a 4500
008 180920b xxu||||| |||| 00| 0 eng d
020 _a2900815341054
041 _aeng
080 _25 ED
_a573
100 _a11
101 _aBIO
245 _aMolecular Biology The cell
_cLewis.A J
942 _2udc
_cBK
999 _c48108
_d48108